[Event "4NCL 2019-20"]
[Site "Daventry"]
[Date "2020.02.29"]
[Round "1"]
[White "Bates, Richard A"]
[Black "Hebden, Mark L"]
[Result "0-1"]
[WhiteElo "2351"]
[BlackElo "2434"]
[Annotator "TA"]
[PlyCount "116"]
[EventDate "2020.01.11"]
[EventCountry "ENG"]
[SourceTitle "playchess.com"]
[Source "ChessBase"]
[SourceQuality "1"]

{[%evp 12,116,0,14,10,7,25,-4,0,-26,-16,-29,17,0,3,-20,-16,-18,-17,-48,-31,-77,-81,-102,-87,-79,-85,-58,-73,-83,-42,-72,-70,-218,-178,-132,-114,-114,-106,-106,-109,-109,-110,-109,-114,-104,-5,-79,0,-90,577,-112,-46,-165,-44,-160,-129,-133,-64,-222,-61,-172,-80,-100,-76,-85,-83,-83,-74,-97,-103,-247,-75,-86,-83,-87,-83,-118,-92,-94,-112,-100,0,-66,-66,-66,-18,-17,-18,-34,-18,-18,-8,-10,-8,-32,-32,-133,-16,-193,-209,-491,-339,-648,-647,-610,-600]} 1. d4 g6 2. Nf3 Bg7 3. g3 c5 4. d5 d6 5. Bg2 b5 6. O-O Nf6 7. Re1 O-O {A43: Schmid Benoni.} 8. e4 Nbd7 9. c3 Nb6 {The position is equal.} 10. h3 {[#]} a5 $146 ({Predecessor:} 10... Bb7 11. Na3 Qd7 12. Qb3 a6 13. c4 Nxc4 14. Nxc4 bxc4 15. Qxc4 Rfb8 16. Bd2 Qb5 {0-1 (46) Panelo Munoz,M (2259)-Rustemov,A (2625) Lorca 2001}) 11. Bf4 b4 12. Qc2 Nh5 13. Bc1 e6 14. dxe6 Bxe6 15. Nbd2 a4 16. cxb4 cxb4 17. Qd3 {[#]} a3 $1 {[%cal Ra3b2][%mdl 512]} 18. Nd4 {[%cal Rb2a3]} (18. bxa3 Bxa1) 18... axb2 19. Bxb2 Na4 20. Bc1 Qb6 21. N2f3 Nc5 $36 {[%mdl 2048] Black has some pressure.} 22. Qd2 (22. Qe2 $1 $15) 22... Bc4 23. Bb2 Nd3 (23... Rxa2 24. Rxa2 Bxa2 25. e5 $11) 24. Reb1 Rfe8 25. Bf1 Qa6 26. Rd1 {[%cal Rf1d3]} Nxb2 27. Qxb2 Bxf1 28. Rxf1 Re6 (28... Nf6 $17 29. Qxb4 Rab8) 29. e5 (29. Rfe1 $11 {remains equal.}) 29... Rxe5 ({But not} 29... Bxe5 30. Qxb4 Rf6 31. Rfc1 $11) (29... Ree8 $1 $17 30. e6 fxe6 31. Qxb4 d5) 30. Rfe1 (30. Nxe5 $11 dxe5 31. Nc2) 30... Re4 $2 {[%mdl 8192]} (30... Rxe1+ $17 {stays on course.} 31. Rxe1 Qa4) 31. Red1 $2 (31. Rxe4 $18 Nf6 32. Re2) 31... d5 (31... Qc8 $17 32. Rac1 Qxh3) 32. Rab1 {[#]} (32. Qxb4 $15 Qa4 33. Rab1) 32... Qa4 ({Resist} 32... Qxa2 33. Qxb4 Ree8 34. Rb2 $17) (32... Bf8 $1 $19 33. Ra1 Rc8) 33. Rd2 (33. Qxb4 $15 Bxd4 34. Rxd4) 33... Bf8 34. Kg2 Qd7 (34... Nf6 $17 35. Ng5 Ree8) 35. Rc1 $2 (35. Rc2 $15) 35... Rc8 $2 (35... Bh6 $19 {aiming for ...Ng7.} 36. Qxb4 Ra4 37. Rc8+ Qxc8 38. Qxa4 Bxd2 39. Nxd2 Re8) 36. Rcd1 ({Better is} 36. Rxc8 $15 Qxc8 37. Rc2) 36... Rc3 (36... Rc4 $19 37. Rd3 Re8) 37. Rd3 Qc8 38. Rxc3 Qxc3 39. Qb3 Nf6 40. Qxc3 bxc3 41. Rd3 (41. Rc1 $17) 41... Bb4 $2 (41... Bc5 $19 {has better winning chances.} 42. Nb3 c2) 42. Nc2 $17 Ba5 {Strongly threatening ...Re2.} 43. Nfd4 Re8 44. Nb3 Re2 45. Ncd4 Rxa2 46. Nxa5 Ne4 (46... Rxa5 $17 47. Rxc3 Ra2) 47. Ndb3 (47. Nab3 $11) 47... Rxf2+ $15 48. Kg1 {next Rxc3! is good for White.} Ra2 49. Rxd5 Nxg3 {Threatens to win with ...Ne2+.} 50. Re5 f5 {[%mdl 1024] With the idea ...f4. Black has compensation.} 51. Nd4 Ne4 52. Nab3 Kf7 53. h4 Rb2 54. Ra5 ({White should play} 54. Nc5 $15) 54... Kf6 (54... c2 $17 {...Nd2! is the strong threat.} 55. Ra7+ Kg8) 55. Ra1 $2 {[#]} (55. Na1 $11) 55... Ke5 $1 $19 56. Rf1 $2 (56. Nf3+ Kf4 57. Nbd4) 56... Kd5 {And now ...Kc4 would win.} 57. Rd1 $2 (57. Ra1) 57... Nd2 58. Nf3 {[%cal Rf3d2]} Rxb3 {Accuracy: White = 42%, Black = 48%.} 0-1

[Event "4NCL 2019-20"]
[Site "Daventry"]
[Date "2020.02.29"]
[Round "1"]
[White "Kanyamarala, Tarun"]
[Black "French, Max"]
[Result "1/2-1/2"]
[WhiteElo "2349"]
[BlackElo "2168"]
[Annotator "TA"]
[PlyCount "137"]
[EventDate "2020.01.11"]
[EventCountry "ENG"]
[SourceTitle "playchess.com"]
[Source "ChessBase"]
[SourceQuality "1"]

{[%evp 9,137,4,26,26,22,33,38,38,32,25,26,27,24,33,33,33,33,19,31,16,62,38,34,33,40,42,39,43,46,43,33,38,37,29,64,55,50,50,50,55,39,43,55,58,116,119,111,112,112,112,120,115,115,116,123,124,122,95,108,112,106,107,109,100,104,77,162,147,162,0,0,0,0,0,7,7,7,7,7,7,13,13,13,13,76,7,7,0,0,0,7,0,0,0,0,0,0,0,0,0,0,0,0,0,0,0,0,0,0,0,0,0,0,0,0,0,0,0,0,0,0,0,0,0,0,0,0,0,0,0]} 1. e4 c6 2. d4 d5 3. e5 c5 4. dxc5 e6 5. a3 Nc6 6. Nf3 {B12: Caro-Kann: Advance Variation.} Bxc5 7. b4 Bb6 8. Bb2 {White is slightly better.} Nge7 9. Bd3 Ng6 10. O-O O-O 11. Re1 f6 12. exf6 gxf6 13. c4 Nf4 14. Bf1 e5 15. Bc1 (15. g3 {seems wilder.} Nh3+ 16. Bxh3 Bxh3 17. cxd5 Bg4 18. Qb3) 15... dxc4 $1 16. Bxf4 Qxd1 17. Bxc4+ Kg7 18. Rxd1 {Black must now prevent Be3.} exf4 {[#]} 19. h3 $146 ({Predecessor:} 19. Bd5 Bg4 20. Nc3 Rfd8 21. Ne2 a5 22. b5 Nd4 23. Nxf4 Nc2 24. Rac1 Ne3 25. Rd3 Nxd5 26. Nxd5 Rac8 27. Rxc8 Bxc8 28. Rd2 Bc5 29. a4 Kf7 30. Ne3 Rxd2 {½-½ (30) Millstone,M (2376)-Williams,T (2442) ICCF email 2018}) 19... Ne5 20. Bd5 Rb8 21. Nc3 {[%cal Bb1c3,Bc3e2,Be2d4][%mdl 32]} Bf5 22. Ne2 Nxf3+ 23. Bxf3 Bc7 24. Nd4 Bd7 25. Bg4 Bxg4 26. hxg4 {Ne6+ is the strong threat.} Kg6 (26... Rbe8 $14) 27. Ne6 $36 {[%mdl 2048] White has strong initiative.} Rf7 28. Rac1 Be5 29. Rc4 Re8 30. Nxf4+ Bxf4 31. Rxf4 {[%mdl 4096] Endgame KRR-KRR} Re5 32. Rd6 h5 33. Kh2 Kg5 34. Rdd4 $1 hxg4 35. Rxg4+ Kf5 36. Rdf4+ Ke6 37. Rg6 a5 {[#]} (37... Rf5 $16 {is a better defense.} 38. Re4+ Re5) 38. g4 $1 $18 axb4 39. Rxb4 $2 ({White must play} 39. axb4 $18 Ke7 40. Rh6) 39... Rh7+ $11 40. Kg3 {aiming for Rb6+.} Kf7 41. f4 Kxg6 42. fxe5 fxe5 {KR-KR} 43. Rb6+ Kg5 44. Re6 Rc7 45. Rxe5+ Kf6 $1 {[%cal Rf6e5]} 46. Rf5+ Kg6 {[#]} (46... Kg7 $1 $11) 47. Kh4 (47. a4 $1 $16) 47... Rc1 {The position is equal.} 48. Rb5 {And now Rb6+ would win.} Rh1+ 49. Kg3 Ra1 50. Rb3 Kg5 51. Kf3 Rf1+ 52. Ke4 Rf7 53. Rg3 Rf6 54. Kd5 Rc6 55. Rb3 Ra6 56. Kc5 Kxg4 57. Kb5 Kf5 58. Re3 Kf4 59. Rh3 Ke5 60. a4 Kd6 61. Rh7 Ra7 62. a5 Ke6 63. Rh5 {Strongly threatening Kb6.} Ra6 $1 64. Rh7 Ra7 65. Rh5 {Threatens to win with Kb6.} Ra6 $1 66. Rh6+ Kd7 67. Rxa6 bxa6+ 68. Kxa6 {Intending Kb7 and mate.} Kc7 69. Ka7 {Accuracy: White = 91%, Black = 87%.} 1/2-1/2

[Event "4NCL 2019-20"]
[Site "Daventry"]
[Date "2020.02.29"]
[Round "1"]
[White "York-Weaving, Richard"]
[Black "Dorrington, Chris J"]
[Result "0-1"]
[WhiteElo "2339"]
[BlackElo "2317"]
[Annotator "TA"]
[PlyCount "105"]
[EventDate "2020.01.11"]
[EventCountry "ENG"]
[SourceTitle "playchess.com"]
[Source "ChessBase"]
[SourceQuality "1"]

{[%evp 11,105,16,20,18,26,25,23,-25,-35,-33,-29,-28,-26,-12,-12,-31,-36,-39,-43,-36,-31,-49,-35,-64,-68,-72,-43,-120,-52,-37,-39,-102,-95,-103,-86,-240,-177,-211,-195,-435,-438,-417,-239,-239,-250,-252,-241,-245,-233,-302,-262,-231,-233,-333,-323,-326,-325,-400,-417,-417,-402,-427,-424,-395,-275,-325,-264,-276,-239,-374,-421,-470,-470,-502,-495,-477,-477,-483,-486,-653,-577,-700,-699,-675,-667,-833,-825,-868,-855,-856,-847,-1265,-1182,-5214,-2730,-29991]} 1. e4 c5 2. Nf3 e6 3. b3 Nf6 4. e5 Nd5 5. Bb2 Nc6 6. c4 Nde7 7. Nc3 {B40: Sicilian: 2...e6, Unusual lines.} d6 8. exd6 $1 Nf5 9. Ne4 {White has an edge.} (9. Bd3 $5 {[%cal Rd3f5]}) 9... Bxd6 10. g4 Nfd4 11. Nxd4 cxd4 12. Nxd6+ Qxd6 {[#]} 13. d3 $146 ({Predecessor:} 13. Bg2 e5 14. Qe2 O-O 15. d3 Qb4+ 16. Qd2 Bxg4 17. Qxb4 Nxb4 18. Kd2 Nc6 19. Rae1 {0-1 (43) Burnett,R (2437)-Ni,H (2390) Gyula 2000}) 13... O-O 14. Bg2 e5 15. h3 f5 16. Qe2 Qb4+ 17. Kd1 Bd7 18. Kc2 b5 19. a3 (19. Rad1 $15) 19... Qa5 (19... Qd6 $17 20. Bd5+ Kh8) 20. Bd5+ $15 Kh8 21. g5 (21. Rac1 $15) 21... bxc4 $17 22. Bxc4 Rae8 23. Qh5 $2 {White does not recover from this.} (23. Rac1 $17 {was called for.}) 23... Be6 24. g6 {[%csl Gg6][%cal Rh5h7] [#]} h6 25. Bxe6 $2 (25. b4 Qa4+ 26. Kb1) 25... Rxe6 $19 26. Rac1 Qb5 (26... Rb8 $142 27. Qd1 Qd5) 27. Qd1 Rb8 28. Kb1 Qxb3 29. Qxb3 Rxb3 30. Rc5 Rxg6 ({Weaker is} 30... Rxd3 31. Rhc1 $11) 31. Rhc1 Rb6 ({Worse is} 31... Rxd3 32. Rxc6 Rxc6 33. Rxc6 $11) 32. a4 (32. h4 $142) 32... Nb4 33. Rd1 Rge6 34. f4 exf4 35. Rxf5 Nc6 36. Rd2 Re1+ 37. Ka2 Rf1 38. h4 Rf3 39. Ka3 Rb7 40. Rb5 (40. Rc5 $142 Ne7 41. Bxd4) 40... Rf7 41. Rd5 {Black is clearly winning.} Rf6 42. h5 Rh3 43. Kb3 f3 {[#] Strongly threatening ...f2.} 44. Rf2 Rh4 45. Kc4 Rg4 46. Ba3 Rg2 47. Rf1 f2 48. Kc5 Ne7 49. Rd8+ Kh7 50. Re8 Nf5 51. Rb1 Ng3 {And now ...Rg1 would win.} ({Not} 51... Rg1 52. Rbb8 $17) 52. Rbb8 Nxh5 53. Kxd4 {Accuracy: White = 43%, Black = 78%.} 0-1

[Event "4NCL 2019-20"]
[Site "Daventry"]
[Date "2020.02.29"]
[Round "1"]
[White "Rogers, Jonathan W"]
[Black "Collins, Sam E."]
[Result "1/2-1/2"]
[WhiteElo "2335"]
[BlackElo "2450"]
[Annotator "TA"]
[PlyCount "91"]
[EventDate "2020.01.11"]
[EventCountry "ENG"]
[SourceTitle "playchess.com"]
[Source "ChessBase"]
[SourceQuality "1"]

{[%evp 15,91,0,-5,0,39,0,0,0,18,0,9,-1,33,36,25,0,8,0,0,0,34,18,13,24,15,0,0,0,0,-4,0,0,0,0,0,0,0,0,0,0,0,0,0,0,0,0,-4,-6,-6,-17,0,-30,0,-30,-15,-18,0,4,14,14,16,14,11,0,0,0,2,0,0,0,0,0,7,7,7,3,3,1]} 1. Nf3 Nf6 2. d4 g6 3. Bg5 Bg7 4. c3 O-O 5. Nbd2 d6 6. e4 c5 7. dxc5 dxc5 8. Bc4 Nc6 9. Qe2 {A48: 1 d4 Nf6 2 Nf3 g6: Torre, London and Colle Systems.} Na5 10. Bd3 Be6 11. O-O Rc8 {[#]} 12. Rfd1 $146 ({Predecessor:} 12. Nc4 Nc6 13. Rad1 Qc7 14. Ne3 Rfd8 15. Bc4 Bxc4 16. Qxc4 Qb8 17. Rxd8+ Nxd8 18. e5 {1-0 (76) Hryhorenko,N (2349)-Soloviova,L (2281) Lvov 2009}) 12... h6 13. Bf4 Nh5 (13... Qb6 $5 {[%cal Rc5c4]}) 14. Be3 Qc7 15. g3 Rfd8 16. Nh4 Nf6 17. Ng2 Ng4 18. Nf4 Nxe3 19. Nxe6 Qb6 20. Nxd8 Nxd1 21. Rxd1 Rxd8 22. Nf3 Nc6 (22... c4 $5 23. Bc2 $8 Rxd1+ 24. Bxd1 e6 $11) 23. Rd2 e6 24. Kg2 Rd6 25. h4 h5 26. Bc4 Na5 {[#] aiming for ...Rxd2.} 27. Bd3 Bh6 28. Rd1 Qd8 29. Bc2 Rxd1 30. Bxd1 a6 31. Bc2 Nc6 32. Kf1 Bc1 33. Bb1 Bh6 34. Ke1 Qd6 (34... Qb6 {with more complications.} 35. Kf1 c4 36. Qc2 Bg7 37. Kg2 Bf6) 35. Qd3 {The position is equal.} Qxd3 (35... Qb8 {is more complex.} 36. Kf1 Qc7 37. Qe2 Nb8 38. Ng5 Nd7) 36. Bxd3 $11 {[%mdl 4096] Endgame KBN-KBN} Bc1 37. b3 Bh6 38. Be2 Kf8 39. Nd2 Bg7 40. Nb1 Ke7 41. Kd2 Na7 42. Na3 Nc8 43. Nc4 Nd6 44. Nxd6 Kxd6 45. Kd3 e5 46. Kc2 {Accuracy: White = 88%, Black = 89%.} 1/2-1/2

[Event "4NCL 2019-20"]
[Site "Daventry"]
[Date "2020.02.29"]
[Round "1"]
[White "Chow, Samuel"]
[Black "Clarke, Stuart W"]
[Result "1-0"]
[WhiteElo "2317"]
[BlackElo "2195"]
[Annotator "ChessBase"]
[PlyCount "71"]
[EventDate "2020.01.11"]
[EventCountry "ENG"]
[SourceTitle "playchess.com"]
[Source "ChessBase"]
[SourceQuality "1"]
[TimeControl "40/6000:3000+30"]

1. Nf3 {[%emt 0:00:00]} Nf6 {[%emt 0:00:00]} 2. g3 {[%emt 0:00:00]} b6 {[%emt 0:00:00]} 3. Bg2 {[%emt 0:00:19]} Bb7 {[%emt 0:00:00]} 4. O-O {[%emt 0:00:10]} e6 {[%emt 0:00:00]} 5. c4 {[%emt 0:02:15]} Be7 {[%emt 0:03:59]} 6. d4 {[%emt 0:06:01]} O-O {[%emt 0:04:57]} 7. d5 {[%emt 0:06:02]} exd5 {[%emt 0:00:51]} 8. Nd4 {[%emt 0:02:07]} Nc6 {[%emt 0:07:12]} 9. cxd5 {[%emt 0:02:48]} Nxd4 {[%emt 0:00:57]} 10. Qxd4 {[%emt 0:00:00]} c5 {[%emt 0:00:00]} 11. Qd3 {[%emt 0:00:57]} d6 {[%emt 0:00:27]} 12. Nc3 {[%emt 0:02:10]} Re8 {[%emt 0:17:57]} 13. Bf4 {[%emt 0:07:38]} Nh5 {[%emt 0:05:30]} 14. Bd2 {[%emt 0:00:25]} g6 {[%emt 0:00:17]} 15. Rad1 {[%emt 0:02:01]} Bf6 {[%emt 0:10:31]} 16. g4 {[%emt 0:10:10]} Ng7 {[%emt 0:00:32]} 17. Ne4 {[%emt 0:01:02]} a5 {[%emt 0:10:04]} 18. Bc3 {[%emt 0:03:08]} Be5 {[%emt 0:07:46]} 19. g5 {[%emt 0:24:41]} Ba6 {[%emt 0:03:03]} 20. Qd2 {[%emt 0:01:40]} Nh5 {[%emt 0:05:14]} 21. Bxe5 {[%emt 0:00:44]} Rxe5 {[%emt 0:00:21]} 22. f4 {[%emt 0:00:00]} Re8 {[%emt 0:00:04]} 23. Rf2 {[%emt 0:03:16]} f5 {[%emt 0:00:21]} 24. gxf6 {[%emt 0:03:27]} Nxf6 {[%emt 0:00:00]} 25. Nxf6+ {[%emt 0:00:05]} Qxf6 {[%emt 0:00:00]} 26. e4 {[%emt 0:00:00]} Ra7 {[%emt 0:05:13]} 27. Re1 {[%emt 0:00:56]} Rae7 {[%emt 0:00:49]} 28. e5 {[%emt 0:01:44]} Qf5 {[%emt 0:01:27]} 29. Be4 {[%emt 0:00:31]} Qg4+ {[%emt 0:00:00]} 30. Rg2 {[%emt 0:00:04]} Qh4 {[%emt 0:00:00]} 31. e6 {[%emt 0:00:19]} Rg7 {[%emt 0:03:32]} 32. Kh1 {[%emt 0:04:15]} Rf8 {[%emt 0:03:03]} 33. f5 {[%emt 0:04:41]} Rf6 {[%emt 0:02:31]} 34. Qc3 {[%emt 0:02:36]} Kf8 {[%emt 0:00:00]} 35. Rg4 {[%emt 0:03:12]} Kg8 36. Rg2 {[%emt 0:00:04]} 1-0

[Event "4NCL 2019-20"]
[Site "Daventry"]
[Date "2020.02.29"]
[Round "1"]
[White "Webb, Laurence E"]
[Black "Grieve, Harry"]
[Result "1/2-1/2"]
[WhiteElo "2307"]
[BlackElo "2299"]
[Annotator "ChessBase"]
[PlyCount "61"]
[EventDate "2020.01.11"]
[EventCountry "ENG"]
[SourceTitle "playchess.com"]
[Source "ChessBase"]
[SourceQuality "1"]
[TimeControl "40/6000:3000+30"]

1. d4 {[%emt 0:00:00]} d5 {[%emt 0:00:00]} 2. c4 {[%emt 0:00:00]} e6 {[%emt 0:00:00]} 3. Nc3 {[%emt 0:00:00]} c6 {[%emt 0:00:00]} 4. cxd5 {[%emt 0:00:00]} exd5 {[%emt 0:00:00]} 5. Nf3 {[%emt 0:00:00]} Bf5 {[%emt 0:01:43]} 6. Bg5 {[%emt 0:00:00]} Be7 {[%emt 0:00:32]} 7. Bxe7 {[%emt 0:00:00]} Nxe7 {[%emt 0:01:44]} 8. e3 {[%emt 0:00:00]} O-O {[%emt 0:05:12]} 9. Be2 {[%emt 0:00:00]} Nd7 {[%emt 0:04:14]} 10. O-O {[%emt 0:00:00]} Nc8 {[%emt 0:00:00]} 11. Rc1 {[%emt 0:01:34]} Nd6 {[%emt 0:01:45]} 12. b4 {[%emt 0:04:07]} b5 {[%emt 0:08:41]} 13. a4 {[%emt 0:08:30]} a6 {[%emt 0:01:50]} 14. Ra1 {[%emt 0:12:55]} Qe7 {[%emt 0:04:18]} 15. Qc1 {[%emt 0:04:48]} Bg4 {[%emt 0:07:14]} 16. h3 {[%emt 0:03:15]} Bh5 {[%emt 0:04:10]} 17. Re1 {[%emt 0:08:38]} Nc4 {[%emt 0:05:34]} 18. e4 {[%emt 0:04:24]} dxe4 {[%emt 0:13:15]} 19. Bxc4 {[%emt 0:04:20]} Qxb4 {[%emt 0:01:06]} 20. Nd2 {[%emt 0:01:21]} bxc4 {[%emt 0:00:52]} 21. Ncxe4 {[%emt 0:00:00]} f5 {[%emt 0:04:33]} 22. Ng5 {[%emt 0:14:15]} c3 {[%emt 0:03:38]} 23. Nf1 {[%emt 0:04:09]} Rfe8 {[%emt 0:03:48]} 24. Ng3 {[%emt 0:03:07]} Bg6 {[%emt 0:01:56]} 25. Ne2 {[%emt 0:02:23]} h6 {[%emt 0:05:16]} 26. Nf3 {[%emt 0:01:11]} Bh5 {[%emt 0:00:00]} 27. Qxc3 {[%emt 0:00:28]} Qxc3 {[%emt 0:00:00]} 28. Nxc3 {[%emt 0:00:00]} Bxf3 {[%emt 0:00:00]} 29. gxf3 {[%emt 0:00:00]} Nf6 {[%emt 0:02:43]} 30. Rxe8+ {[%emt 0:02:54]} Rxe8 {[%emt 0:01:54]} 31. Rb1 {[%emt 0:00:00]} 1/2-1/2

[Event "4NCL 2019-20"]
[Site "Daventry"]
[Date "2020.02.29"]
[Round "1"]
[White "Golding, Alex"]
[Black "Nelson, Jonathan P"]
[Result "1/2-1/2"]
[WhiteElo "2306"]
[BlackElo "2183"]
[Annotator "TA"]
[PlyCount "125"]
[EventDate "2020.01.11"]
[EventCountry "ENG"]
[SourceTitle "playchess.com"]
[Source "ChessBase"]
[SourceQuality "1"]

{[%evp 15,125,50,84,73,72,42,53,44,43,29,29,19,44,23,45,14,6,18,23,25,39,32,38,38,26,15,66,43,44,44,56,51,135,64,56,62,79,52,68,25,23,23,31,31,40,20,20,0,3,0,0,0,0,0,14,0,0,0,0,0,0,0,2,0,0,0,0,-13,-13,-13,-13,-13,-12,-13,-12,-81,-12,-12,0,-11,-11,-27,-25,-82,-3,-22,0,-28,-22,-22,-16,-76,-76,-68,-15,-87,-50,-64,0,-78,0,-141,-143,-155,-154,-118,0,-17,0,-129,0,-22]} 1. e4 d6 2. d4 Nf6 3. f3 e5 4. dxe5 dxe5 5. Qxd8+ Kxd8 6. Bc4 Be6 7. Bxe6 fxe6 8. Be3 Bd6 9. Ne2 {B07: Pirc Defence: Miscellaneous Systems.} Nc6 10. a3 {[#]} Nd7 $146 ({Predecessor:} 10... Ke7 11. Nd2 Rag8 12. h4 Nd7 13. b4 a5 14. c3 Ra8 15. Kf2 b5 16. Rhc1 axb4 17. cxb4 {½-½ (37) Rubchenkov,S-Hasangatin,R Russia 1995}) 11. Kf2 {White is slightly better.} Bc5 12. Bxc5 Nxc5 13. Nd2 Ke7 14. Rhd1 a5 15. Nc4 b5 16. Ne3 Rhf8 17. Ke1 Na4 18. Rab1 Rfd8 19. Rxd8 Rxd8 20. Nc1 b4 (20... Nd4 $11) 21. axb4 axb4 22. Nb3 Nd4 23. Nd2 b3 {[#]} (23... Nc5 $14) 24. Nxb3 (24. c3 $1 $16 {[%cal Rc3d4]} Nc6 25. Nec4 (25. Nxb3 Rb8 $14)) 24... Nxb3 $14 25. cxb3 $16 {[%mdl 4096] Endgame KRN-KRN} Nc5 26. Nc4 Kf6 27. b4 Nd3+ 28. Ke2 Nf4+ 29. Kf1 Rb8 30. Ne3 h5 31. g3 Nd3 32. Ke2 Nxb4 33. Rc1 Na6 34. Nd1 Rb6 35. Rc2 g5 36. Ne3 Rb3 37. Nd1 Rb6 38. Rc3 c6 39. Rc4 Nc7 40. Kd3 Nb5 41. h4 gxh4 42. gxh4 Nd4 43. Ke3 $1 Rb3+ 44. Rc3 Rb4 45. Kd2 (45. Rc5 $1 $11) 45... Rb8 ({Black should play} 45... Ra4 $17) 46. Ke3 $11 Rb4 47. Rd3 c5 48. Rc3 c4 49. Kd2 (49. f4 $11) 49... Nb3+ ({Better is} 49... Ke7 $17) 50. Ke3 Nd4 51. Kf2 Ke7 52. Ra3 Kd6 53. Ra2 (53. Ra6+ $11 Nc6 54. Ra1) 53... Rb3 $17 54. Nc3 Rb8 (54... Nc6 $15 55. Nd1 Kc5) 55. Ra6+ (55. Nb1 $1 $11) 55... Ke7 56. Ra7+ Kd6 57. Ra6+ Ke7 (57... Nc6 $17 58. Nd1 Rb3) 58. Ra2 {[#]} (58. Ra7+ $1 $11 {was the only way to keep the balance.} Kd8 59. Ra2) 58... Rf8 $1 59. Ra7+ Kd6 60. Ra6+ Ke7 (60... Kc5 $17 61. Ra5+ Kb4 62. Rxe5 Rxf3+ 63. Ke1 Rh3 64. Rxh5 Rh2) 61. Ra7+ $11 Kd6 (61... Kf6 $11) 62. Ra6+ $17 Ke7 (62... Kc5 $17 63. Ra5+ Kb4 64. Rxe5 Rxf3+ 65. Kg2 Rd3) 63. Ra7+ {Accuracy: White = 74%, Black = 75%.} 1/2-1/2

[Event "4NCL 2019-20"]
[Site "Daventry"]
[Date "2020.02.29"]
[Round "1"]
[White "Toma, Katarzyna"]
[Black "Makkar, Rajat"]
[Result "0-1"]
[WhiteElo "2293"]
[BlackElo "2179"]
[Annotator "TA"]
[PlyCount "104"]
[EventDate "2020.01.11"]
[EventCountry "ENG"]
[SourceTitle "playchess.com"]
[Source "ChessBase"]
[SourceQuality "1"]

{[%evp 16,104,0,0,12,3,20,1,4,1,31,0,2,-15,-12,-22,4,0,128,-15,11,-14,0,-9,0,0,0,-3,-7,-65,-37,-80,-75,-77,-66,-70,-70,-77,-63,-96,-102,-123,-68,-52,-22,-62,-57,-59,-22,-27,33,-32,-34,-54,-26,-72,-70,-58,-68,-205,-205,-205,-205,-196,-178,-293,-273,-276,-280,-275,-268,-29948,-5447,-3328,0,-775,-771,-765,-770,-656,-760,-745,-719,-5285,-5181,-29978,-29979,-29996,-29991,-29986,-29987]} 1. e4 e5 2. Nf3 Nc6 3. Bb5 a6 4. Ba4 Nf6 5. Qe2 Be7 6. c3 b5 7. Bb3 O-O 8. O-O {8.d4 injects fresh life into this line.} d5 9. d3 Be6 {C86: Closed Ruy Lopez: Worrall Attack.} 10. Rd1 Re8 11. Nbd2 h6 {The position is equal.} 12. Nf1 Qd7 13. Ng3 Rad8 {[#]} 14. Nh4 $146 ({Predecessor:} 14. h3 Bf8 15. Nh2 Qc8 16. Qf3 dxe4 17. dxe4 Rxd1+ 18. Bxd1 Kh7 19. Ng4 Qd8 20. Nxf6+ Qxf6 21. Qxf6 gxf6 {½-½ (62) Krayz,A (2359)-Mindlin,A (2432) Israel 2020}) 14... Bf8 15. Nhf5 Kh7 16. Qf3 {next Nxh6! is good for White.} Ne7 (16... Ng8 $11) 17. h3 (17. Nxh6 $1 $16 a5 18. exd5 Nexd5 19. Bg5) 17... Bxf5 18. exf5 c5 19. Be3 d4 20. cxd4 exd4 21. Bd2 Kg8 22. a4 (22. Re1 $11) 22... Nc6 $15 {White must now prevent ...Ne5.} 23. axb5 Ne5 24. Qe2 axb5 25. Qf1 Rc8 26. Rdc1 Nc6 27. Qd1 Bd6 28. f4 {[#]} Ne7 (28... c4 $1 $17 {[%cal Rc4b3][%mdl 512]} 29. dxc4 d3 30. cxb5 Nd4 31. Rxc8 Rxc8) 29. Ra6 Rc6 30. Rca1 Rec8 31. Ra7 R8c7 32. Ra8+ Kh7 (32... Nc8 $11) 33. Bxf7 (33. Qf3 $14) 33... Nxf5 34. Nxf5 Qxf5 {[%mdl 64] Double Attack} 35. Qf3 {aiming for g4.} c4 36. dxc4 bxc4 37. Re1 {Black keeps a firm grip on the game.} (37. Rd8 $1 $15) 37... c3 $19 38. bxc3 dxc3 39. Bc1 c2 $1 {...Qc5+ is the strong threat.} 40. Ba2 (40. Qb3 $142 g6 41. Bg8+ Kg7 42. Be6 Qc5+ 43. Kf1) 40... Rc3 41. Qf1 Re7 42. Rxe7 Bxe7 43. Ra4 $2 (43. Kh2 $19 Qe4 44. Rb8) 43... Bc5+ 44. Kh2 Rd3 $2 {[#]} ({Black should play} 44... Qh5 $19 {( -> ...Ng4+)} 45. Bb2 Ng4+ 46. Kh1 Ne3) 45. Qe2 $2 {[%mdl 8192]} (45. Be6 $1 $11 {[%mdl 512]} Qg6 (45... Qxe6 46. Qxd3+) 46. g4) 45... Rd1 46. g4 {[#]} Bg1+ $1 ({Weaker is} 46... Rxc1 47. gxf5 Rh1+ 48. Kxh1 $17) 47. Kg2 Qc5 48. Rc4 Qd5+ ({Stronger than} 48... Rxc1 49. Rxc5 Bxc5 50. Kf3 $11) 49. Kg3 Rxc1 50. Rxc2 {[#]} Bh2+ $1 {[%mdl 576] Back Rank. Black mates.} 51. Qxh2 Qd3+ 52. Kh4 Rxc2 {Accuracy: White = 52%, Black = 79%.} 0-1